| 000 | 01087ngm a2200265 a 4500 | ||
|---|---|---|---|
| 005 | 20220317001302.0 | ||
| 008 | 160825s1997 ck g 000 0 spa | ||
| 082 | 0 | 4 |
_a791.4361 _bM14d |
| 245 | 1 | 0 |
_aDeborarte Siglo XX _cdirección Sylvia Amaya Londoño _hvideograbación |
| 250 | _a1a. edición | ||
| 300 |
_a1 videocasete en VHS (58 minutos) _bsonido, color _c20 cm |
||
| 490 | _aLa maleta : documentales Colombianos, 1 | ||
| 500 | _aLa película pertenece a la colección La Maleta. Dirigida para un público adulto | ||
| 600 | 1 | 4 |
_aArango, Debora _d1910-2005 _vVideocasetes _xCrítica e interpretación _968724 |
| 650 | 1 | 4 |
_2LEMB _aCine documental colombiano _vVideocasetes |
| 650 | 1 | 4 |
_2LEMB _aArte moderno _vVideocasetes _zColombia |
| 650 | 1 | 4 |
_2LEMB _aPintores colombianos _vVideocasetes |
| 700 | 1 |
_aAmaya Londoño, Sylvia _968727 |
|
| 942 |
_2ddc _cVIDEOCASET |
||
| 264 |
_aBogotá _bMinisterio de Cultura _c1997 |
||
| 336 |
_atexto _btxt _2rdacontent |
||
| 337 |
_asin mediación _bn _2rdamedia |
||
| 338 |
_avolumen _bnc _2rdacarrier |
||
| 040 |
_aCO-BoRNBP _bspa _erda _cCO-BoRNBP |
||
| 999 |
_c6491 _d6491 |
||